000 00440nam a2200181Ia 4500
001 23781
005 20260414151000.0
008 260414t2014||||xx |||||||||||||| ||spa||
041 _aESP
082 _a709.032
_bM543
100 _aFundación vsión cultural
_eAUT
245 0 _aMigraciones & rutas del barroco
_b
260 _c2014
300 _a388 páginas :
_c28 cm.
650 _aABD
654 _aCAU
942 _cLIB
_dJUS
_fJUS
_2ddc
_n
999 _c23781
_d23781